• 首页
  • 本馆介绍
  • 公告通知
  • 最新文献
  • 馆藏检索
  • 电子资源
  • 读者导购
  • 参考咨询
  • 我的图书馆
  • 登录
  • 详细信息显示
  • 放入我的书架
  • 预约/预借图书
  • 作者相关作品
  • 分类相关作品
  • 丛书相关作品
  • 出版社相关作品

书目信息

  • 表格格式
  • 工作单格式
  • 卡片格式
题名:
算术基础理论
    
 
作者: 黄文选 , 刘齐平 编
分册:  
出版信息: 北京   北京师范大学出版社  1987
页数: 373页
开本: 19cm
丛书名:
单 册:
中图分类: O121 , O12
科图分类:
主题词: 算术--基础理论 , 初等数学
电子资源:
ISBN: 7-303-00005-4
000 00732nam0 2200277 45
001 0183011984
005 20040519163145.9
010    @dCNY2.15@a7-303-00005-4
091    @a7243.540
100    @a19950706d1987 em y0chiy0121 ea
101 0  @achi
102    @aCN@b410000
105    @ay z 000yy
106    @ar
200 10 @a算术基础理论@Asuan shu ji chu li lun@f黄文选,刘齐平编@FHuang Wen Xuan,Liu Qi Ping Bian
210    @a北京@c北京师范大学出版社@d1987
215    @a373页@d19cm
606    @a算术@x基础理论
606 0  @a初等数学
690    @aO121@v3
690    @aO12
701  0 @a黄文选@4编
701  0 @a刘齐平@4编
801  0 @aCN@b上海图书馆@c20040519
801  2 @aCN@bNLC@c20040519
905    @f1@b254978@dO12@e50
    
    算术基础理论/黄文选,刘齐平编.-北京:北京师范大学出版社,1987
    373页;19cm
    
    
    ISBN 7-303-00005-4:CNY2.15
    
●
相关链接 在E读中查询图书 在五车中查询图书 在当当中查询图书 在豆瓣中查询图书


正题名:算术基础理论     索取号:O12/50         预约/预借

序号 登录号 条形码 馆藏地/架位号 状态 备注
1 0254977   001246039   第二样本阅览室/ [索取号:O12/50] 在馆    
2 0254978   001245986   第三借阅区/ [索取号:O12/50] 在馆    
唐山师范学院图书馆 欢迎您!
大连网信软件有限公司© 版权所有